000 00545nam a2200181Ia 4500
005 20250508153040.0
008 008 250505s9999 xx 000 0 eng d
037 _aTextual
040 _aFEDL
_beng
_cFEDL
041 _aeng
_2eng
084 _a370.193, CAM
_qFEDL
100 _aCampbell Bernard
245 0 _aSixty-three tested practices in school-community relations
260 _aNew York, USA
_bMetropolitan School Study Council
_c1954
300 _aix,67p.
942 _cTEXL
_h370.193, CAM
999 _c1340371
_d1340371